Flags of Old Civilizations quiz - Statistics

General Stats
  • This quiz has been taken 31 times
    21 since last reset
  • The average score is 40 of 112
Answer Stats
Picture Answer % Correct
Empire of Japan
88%
Holy Roman Empire
81%
Mexican Empire
81%
Soviet Union
81%
Austria Hungary
75%
Czechoslovakia
75%
German Empire
75%
Ottoman Empire
75%
Roman Empire
75%
Swedish Empire
75%
Yugoslavia
75%
British Empire
69%
Italian Empire
69%
Korean Empire
69%
Mongol Empire
69%
Prussia
69%
Spanish Empire
69%
Byzantine Empire
63%
Macedonian Empire
63%
Portuguese Empire
63%
Qing Dynasty
63%
Russian Empire
63%
Kievan Rus
56%
Kalmar Union
50%
Polish Lithuanian Commonwealth
50%
South Vietnam
50%
Achaemenid Empire
44%
Dutch East Indies
44%
North Vietnam
44%
Republic of China
44%
Tibet
44%
Zaire
44%
Abyssnia
38%
East Pakistan
38%
Gran Colombia
38%
Kingdom of England
38%
Kingdom of France
38%
Kingdom of Georgia
38%
Kingdom of Hungary
38%
Kingdom of Ireland
38%
Persian Empire
38%
Seljuk Empire
38%
Serbian Empire
38%
Teutonic Order
38%
Timurid Empire
38%
Vichy France
38%
Abbasid Caliphate
31%
Belgian Congo
31%
Benelux
31%
Dominion of Canada
31%
Duchy of Luxembourg
31%
East Turkestan
31%
Empire of Brazil
31%
Mali Empire
31%
Republic of Vermont
31%
Sassanid Empire
31%
Somaliland
31%
South Yemen
31%
Tsardom of Russia
31%
Xinjiang
31%
Assyrian Empire
25%
Ghana Empire
25%
Gold Coast
25%
Inner Mongolia
25%
Khmer Republic
25%
Kingdom of Yemen
25%
Majapahit Empire
25%
Mauryan Empire
25%
Mughal Empire
25%
North Yemen
25%
Peru Bolivian Confederation
25%
Republic of Crimea
25%
Republic of Hawaii
25%
Sultanate of Brunei
25%
Tu'i Tonga
25%
Union of South Africa
25%
Zanzibar
25%
Akkadian Empire
19%
Anglo Egyptian Sudan
19%
Argentine Confederation
19%
Aztec Empire
19%
Babylonian Empire
19%
Empire of Vietnam
19%
Hapsburg Empire
19%
Kingdom of Fiji
19%
Kingdom of Joseon
19%
Kingdom of Scotland
19%
Kingdom of Siam
19%
Kingdom of Vientiane
19%
Kush
19%
Malacca
19%
New Holland
19%
Omani Empire
19%
Parthian Empire
19%
Republic of Central America
19%
Republic of Florida
19%
Republic of North Borneo
19%
Republic of Texas
19%
Umayyad Caliphate
19%
Axum
13%
Boriken
13%
Iberian Union
13%
Madagascar Protectorate
13%
Netherland Antilles
13%
Republic of East Sumatra
13%
Republic of South Maluku
13%
Republic of West Papua
13%
Srivijaya Empire
13%
The Knights
13%
Cleydon
6%
Sumerian Empire
6%
Katipunan
0%
No matching quizzes found
Score Distribution
Percent of People with Each Score
Percentile by Number Answered
Your Score History
You have not taken this quiz since the last reset